| 000 | 02633cam a22005174i 4500 | ||
|---|---|---|---|
| 003 | PE-LiUPU | ||
| 005 | 20250731173134.0 | ||
| 008 | 150623s2000 miu r 000 0 spa d | ||
| 020 | _a1558831207 | ||
| 035 | _a(Sirsi) i9781558831209 | ||
| 040 |
_aPE-LiUPU _bspa _cPE-LiUPU _erda |
||
| 049 | _aPRUA | ||
| 082 | 0 | 4 |
_a241.52 _bD94 _221 |
| 100 | 1 |
_aDouma, Jockem, _eautor. |
|
| 245 | 1 | 4 |
_aLos diez mandamientos : _bmanual para la vida cristiana / _cJ. Douma. |
| 264 | 1 |
_aGrand Rapids, Michigan : _bLibros Desafío, _c2000. |
|
| 300 |
_a509 páginas ; _c24 centímetros |
||
| 336 |
_atext _2rdacontent |
||
| 337 |
_aunmediated _2rdamedia |
||
| 338 |
_avolume _2rdacarrier |
||
| 505 | 0 | _aEl prólogo de los Diez Mandamientos -- El primer mandamiento -- El segundo mandamiento -- El tercer mandamiento -- El cuarto mandamiento -- El quinto mandamiento -- El sexto mandamiento -- El séptimo mandamiento -- El octavo mandamiento -- El noveno mandamiento -- El décimo mandamiento -- El uso de la Biblia en la ética. | |
| 526 | _aSEG42 | ||
| 526 | _aSEG41 | ||
| 526 | _aSEG40 | ||
| 526 | _aSEG39 | ||
| 526 | _aP94 | ||
| 526 | _aP87 | ||
| 526 | _aP86 | ||
| 526 | _aP85 | ||
| 526 | _aP77 | ||
| 526 | _aP76 | ||
| 526 | _aP35 | ||
| 541 | _g003-0004023; | ||
| 541 | _g003-0003441; | ||
| 650 | 0 | 4 | _aMandamientos de Dios. |
| 942 |
_2ddc _cBOOK |
||
| 949 |
_a241.52 D94 _wDEWEY _c1 _i53039 _d2016-10-26 _e2016-10-24 _lCCODEBUL1 _mBUL _n1 _p22.00 _r0 _sY _tBOOK _u2015-6-24 _xTEOLOGIA _PP35 _0COMPRA _o.STAFF. Colección Teología |
||
| 949 |
_a241.52 D94 _wDEWEY _c2 _i57651 _d2016-10-25 _e2016-10-23 _lCCODEBUL1 _mBUL _n1 _p22.00 _r0 _sY _tBOOK _u2015-6-24 _xTEOLOGIA _PP35 _0COMPRA _o.STAFF. Colección Teología |
||
| 949 |
_a241.52 D94 _wDEWEY _c3 _i60251 _d2016-12-1 _e2016-11-29 _lCCODEBUL1 _mBUL _n1 _p22.00 _r0 _sY _tBOOK _u2015-6-24 _xTEOLOGIA _PP35 _0COMPRA _o.STAFF. Colección Teología |
||
| 994 |
_aC0 _bPEPRU |
||
| 596 | _a1 | ||
| 999 |
_a241.52 D94 _wDEWEY _c33794 _i53039 _d33794 _e2019-7-8 _f2021-11-10 _g5 _lCCODEBUL1 _mBUL _n3 _p22.00 _r0 _sY _tBOOK _u2015-6-24 _xTEOLOGIA _PP35 _0COMPRA _o.STAFF. Colección Teología |
||
| 999 |
_a241.52 D94 _wDEWEY _c2 _i57651 _d2016-10-25 _e2016-10-23 _f2021-11-10 _g5 _lCCODEBUL1 _mBUL _n1 _p22.00 _r0 _sY _tBOOK _u2015-6-24 _xTEOLOGIA _PP35 _0COMPRA _o.STAFF. Colección Teología |
||
| 999 |
_a241.52 D94 _wDEWEY _c3 _i60251 _d2016-12-1 _e2016-11-29 _f2021-11-10 _g5 _lCCODEBUL1 _mBUL _n1 _p22.00 _r0 _sY _tBOOK _u2015-6-24 _xTEOLOGIA _PP35 _0COMPRA _o.STAFF. Colección Teología |
||
| 980 |
_81 _gALBERTO SANCHEZ Responsable de Automatización |
||